Integración económica y medio ambiente en América Latina
Guardat en:
| Autor principal: | |
|---|---|
| Format: | Llibre |
| Idioma: | espanyol |
| Publicat: |
Madrid
McGraw-Hill
2000
|
| Matèries: | |
| Etiquetes: |
Afegir etiqueta
Sense etiquetes, Sigues el primer a etiquetar aquest registre!
|
MARC
| LEADER | 00000nam a2200000 a 4500 | ||
|---|---|---|---|
| 001 | UCN6616 | ||
| 003 | CL-VaPUC | ||
| 008 | 010928e20000000SP |||||||||||||||||spa|d | ||
| 082 | 0 | 4 | |a 337.18 |b REA |2 21 |
| 100 | 0 | |a Real Ferrer, Gabriel |e author |9 462309 | |
| 245 | 1 | 0 | |a Integración económica y medio ambiente en América Latina |
| 300 | |a 369 p | ||
| 942 | |c BK | ||
| 945 | |d 20010928 00:00:00 |a crobeson | ||
| 260 | |a Madrid |b McGraw-Hill |c 2000 | ||
| 650 | 0 | |a Integración económica |9 255024 | |
| 650 | 0 | |a Derecho ambiental |9 257835 | |
| 650 | 7 | |a POLITICA MEDIOAMBIENTAL |2 CL-VaPUC |9 438346 | |
| 650 | 0 | |a Economía internacional |9 258254 | |
| 651 | 0 | |a América Latina |9 255027 | |
| 583 | |a last modification |c 20010928 00:00:00 |k Rodrigo Vera | ||
| 999 | |c 297318 |d 297316 | ||
| 952 | |0 0 |1 0 |4 0 |6 337_180000000000000_REA_2000 |7 0 |8 A |9 351929 |a BIBENE |b BIBENE |d 2019-11-21 |i 3734307 |o 337.18 REA 2000 |p 3734307 |r 2025-01-15 |w 2019-11-21 |y BK |k ICO | ||